01238cam a22002771 4500001001300000003000400013005001700017008004100034010001700075035001800092040002600110050002300136051001600159100003400175245017000209260005700379300009500436490004500531500014700576500004500723504002600768650003300794650005300827700003200880830004800912gs 38000248 DLC20260227111343.0720313s1937 oncabe b 000 0 eng  ags 38000248  a(OCoLC)261963 aDLCcOAkUdNSbSUdDLC00aQE185b.A2 no. 211 aQE193b.C661 aCooke, Harold Caswell,d1884-10aThetford, Disraeli and eastern half of Warwick map-areas, Quebec,cby H.C. Cooke, with chapters on the Beauceville, St. Francis and Lake Aymer series, by T.H. Clark. aOttawa,bJ.O. Patenaude, printer to the King,c1937. avi, 160 p.bincl. illus., plans, tables. 3 fold. maps (in pocket) fold. diagr. (in pocket)1 aGeological Survey of Canada. Memoirv211 aAt head of title: Canada. Department of mines and resources. Mines and gology branch. Bureau of geology and topography. Geological Survey. aIn lower right corner of t.-p.: no.2440. aBibliography: p. 3-7. 0aGeologyzQuébec (Province) 0aMines and mineral resourceszQuébec (Province)1 aClark, Thomas Henry,d1893- 0aMemoir (Geological Survey of Canada) ;v211